<?xml version="1.0" encoding="UTF-8"?>
<record
    xmlns:xsi="http://www.w3.org/2001/XMLSchema-instance"
    xsi:schemaLocation="http://www.loc.gov/MARC21/slim http://www.loc.gov/standards/marcxml/schema/MARC21slim.xsd"
    xmlns="http://www.loc.gov/MARC21/slim">

  <leader>00801nam a22002057a 4500</leader>
  <controlfield tag="005">20231115151100.0</controlfield>
  <datafield tag="010" ind1=" " ind2=" ">
    <subfield code="a">ENG-138390</subfield>
  </datafield>
  <datafield tag="020" ind1=" " ind2=" ">
    <subfield code="c">2495.00</subfield>
    <subfield code="a">9789391211431</subfield>
  </datafield>
  <datafield tag="035" ind1=" " ind2=" ">
    <subfield code="a">EN-121922</subfield>
  </datafield>
  <datafield tag="037" ind1=" " ind2=" ">
    <subfield code="b">DBAD</subfield>
  </datafield>
  <datafield tag="082" ind1=" " ind2=" ">
    <subfield code="a">347.5409</subfield>
    <subfield code="2">Third</subfield>
  </datafield>
  <datafield tag="100" ind1=" " ind2=" ">
    <subfield code="a">Seth Karnika</subfield>
    <subfield code="9">58722</subfield>
  </datafield>
  <datafield tag="245" ind1=" " ind2=" ">
    <subfield code="a">Computers Internet and New Technology laws:</subfield>
    <subfield code="b">A Comprehensive Refrence work with Special Focus on Development in India/</subfield>
    <subfield code="c">By Karnika Seth and DY ChandraChud</subfield>
    <subfield code="h">English</subfield>
  </datafield>
  <datafield tag="250" ind1=" " ind2=" ">
    <subfield code="a">Third</subfield>
  </datafield>
  <datafield tag="260" ind1=" " ind2=" ">
    <subfield code="a">Gurgaon</subfield>
    <subfield code="b">Lexis Nexis</subfield>
    <subfield code="c">2022</subfield>
  </datafield>
  <datafield tag="270" ind1=" " ind2=" ">
    <subfield code="a">14thn Floor, Building No 10, Tower-B, DLF Cyber City, Phase-II </subfield>
    <subfield code="b">Haryana</subfield>
    <subfield code="e">122002</subfield>
    <subfield code="k">911244774444</subfield>
    <subfield code="m">help.in@lexisnexis.com</subfield>
    <subfield code="l">911244774100</subfield>
  </datafield>
  <datafield tag="300" ind1=" " ind2=" ">
    <subfield code="a">vp.</subfield>
    <subfield code="c">25cm(hbk)</subfield>
  </datafield>
  <datafield tag="700" ind1=" " ind2=" ">
    <subfield code="a"> ChandraChud, DY</subfield>
    <subfield code="e">Forword</subfield>
    <subfield code="9">58723</subfield>
  </datafield>
  <datafield tag="942" ind1=" " ind2=" ">
    <subfield code="2">ddc</subfield>
    <subfield code="c">EN</subfield>
    <subfield code="h">347.5409</subfield>
    <subfield code="m">SET</subfield>
  </datafield>
  <datafield tag="999" ind1=" " ind2=" ">
    <subfield code="c">199099</subfield>
    <subfield code="d">199099</subfield>
  </datafield>
  <datafield tag="952" ind1=" " ind2=" ">
    <subfield code="0">0</subfield>
    <subfield code="1">0</subfield>
    <subfield code="4">0</subfield>
    <subfield code="7">1</subfield>
    <subfield code="8">REF</subfield>
    <subfield code="a">BN</subfield>
    <subfield code="b">BN</subfield>
    <subfield code="d">2023-11-15</subfield>
    <subfield code="e">DBAD/PUB</subfield>
    <subfield code="g">2495.00</subfield>
    <subfield code="l">0</subfield>
    <subfield code="o">347.5409 SET</subfield>
    <subfield code="p">EN-121922</subfield>
    <subfield code="r">2023-11-15 00:00:00</subfield>
    <subfield code="t">1</subfield>
    <subfield code="v">2495.00</subfield>
    <subfield code="w">2023-11-15</subfield>
    <subfield code="y">EN</subfield>
  </datafield>
</record>
